LEADER 01582nam a2200337 u 4500 001 000000016326 003 CaOOAMICUS 005 20070226110000.0 008 940517s1993 it u000 u ita u 020 $a8834302877 035 $a10382629 040 $aPUL(R)$bita 041 1 $aita$hger 100 1 $aLotz, Johannes Baptist,$cS.I.,$d1903-1992.$0(OLS)http://pul/name/3590 240 10$aTranszendentale Erfahrung.$lItaliano.$0(OLS)http://pul/title/23307 245 12$aL'esperienza trascendentale /$cJohannes B. Lotz ; introduzione e traduzione di Massimo Marassi. 260 $aMilano :$bVita e pensiero,$c1993. 300 $alxxxvii, 362 p. ;$c22 cm 490 1 $aPubblicazioni del Centro di ricerche di metafisica.$aSezione di metafisica e storia della metafisica ;$v9 500 $aContiene indice. 504 $aComprende indicazioni bibliografiche. 650 4$aFilosofia e metafisica.$0(OLS)http://pul/subject/1905 700 1 $aMarassi, Massimo,$d1954-$0(OLS)http://pul/name/3588 830 0$aPubblicazioni del Centro di ricerche di metafisica.$pSezione di metafisica e storia della metafisica ;$v9.$0(OLS)http://pul/title/1629 850 $aPUL 852 $aPUL$W1$xSL Filosofia 2$y80$mPhil A9 9$j22998$n $b $qStampati altre collocazioni$B22998$CPULBib$Z2$F22998 $H $81 941 1 $a10 961 $aINV: 70696 996 $6020$a8834302877$9(OLS)http://pul/number/20894 996 $6245$aL'esperienza trascendentale$9(OLS)http://pul/title/23308 996 $6260$aMilano :$bVita e pensiero$9(OLS)http://pul/publisher/48016 LEADER 01421nam a2200301 a 4500 001 000000150630 003 CaOOAMICUS 005 20160318140743.0 008 160318s1989 sz a u000 u fre r 020 $a2-204-04096-7 (Cerf)* 020 $a2-8271-0451-2 (Editions Universitaires)* 032 $aLibriCat 040 $aPUL$bita 100 1 $aFriedli, Richard.$0(OLS)http://pul/name/95879 245 13$aLe Christ dans les cultures :$bcarnets de routes et de déroutes un essai de théologie des religions /$cRichard Friedli. 260 $aFribourg :$bÉditions Universitaires,$c©1989$aParis :$bCerf 300 $a162 p. :$bill. ;$c21 cm. 650 4$aMissiologia.$0(OLS)http://pul/subject/9730 850 $aPUL 852 $aPUL$W1$xDP1 Fondo Bordoni$y120$m3 O 11$j168180$qFondi$B175194$CPULBib$Z2$F175194 $HBor1088 $81 941 1 $a1 961 $aNota ms. di possesso: Marcello Bordoni. 996 $6020$a2-204-04096-7 (Cerf)*$9(OLS)http://pul/number/160112 996 $6020$a2-8271-0451-2 (Editions Universitaires)*$9(OLS)http://pul/number/160111 996 $6245$aLe Christ dans les cultures :$bcarnets de routes et de déroutes un essai de théologie des religions$9(OLS)http://pul/title/189784 996 $6260$aFribourg :$bÉditions Universitaires$9(OLS)http://pul/publisher/52852 996 $6260$aParis :$bCerf$9(OLS)http://pul/publisher/48238